Changing liabilities (Record no. 84696)

MARC details
000 -LEADER
fixed length control field 00540cab a22001695a 4500
001 - CONTROL NUMBER
control field L158789
008 - FIXED-LENGTH DATA ELEMENTS--GENERAL INFORMATION
fixed length control field 150723e2015 xxk 000 0 eng d
035 ## - SYSTEM CONTROL NUMBER
System control number (Sirsi) u158789
041 0# - LANGUAGE CODE
Language code of text/sound track or separate title eng
100 1# - MAIN ENTRY--PERSONAL NAME
Personal name Elson, Sean
245 00 - TITLE STATEMENT
Title Changing liabilities
490 ## - SERIES STATEMENT
Series statement RICS Building Control
Volume/sequential designation April 2015- May 2015, 10-11(2)
520 ## - SUMMARY, ETC.
Summary, etc. Tougher fines and sentencing for health and safety breaches are onthe way under regulations reforms, warns Sean Elson
650 24 - SUBJECT ADDED ENTRY--TOPICAL TERM
Topical term or geographic name entry element Health and Safety
9 (RLIN) 6244
651 #4 - SUBJECT ADDED ENTRY--GEOGRAPHIC NAME
Geographic name United Kingdom
Chronological subdivision
942 ## - ADDED ENTRY ELEMENTS (KOHA)
Suppress in OPAC 0
Holdings
Withdrawn status Lost status Source of classification or shelving scheme Damaged status Not for loan Home library Current library Shelving location Date acquired Total Checkouts Full call number Barcode Date last seen Copy number Price effective from Koha item type
    Dewey Decimal Classification     London London Journals 23/07/2015   L158789 158789-1001 06/08/2019 1 06/08/2019 Journal article